US CIVIL service reform of 1978 (Record no. 5868)

000 -LEADER
fixed length control field 00340pab a2200133 454500
008 - FIXED-LENGTH DATA ELEMENTS--GENERAL INFORMATION
fixed length control field 180718b85-6 xxu||||| |||| 00| 0 eng d
245 ## - TITLE STATEMENT
Title US CIVIL service reform of 1978
Remainder of title A retrospective view
260 ## - PUBLICATION, DISTRIBUTION, ETC.
Date of publication, distribution, etc. 85-6
300 ## - PHYSICAL DESCRIPTION
Extent 1-8
362 ## - DATES OF PUBLICATION AND/OR SEQUENTIAL DESIGNATION
Dates of publication and/or sequential designation July-June
650 ## - SUBJECT ADDED ENTRY--TOPICAL TERM
Topical term or geographic name entry element Civil Service - U.S.A.
773 ## - HOST ITEM ENTRY
Main entry heading Administrative Change
909 ## -
-- 5868
Holdings
Withdrawn status Lost status Damaged status Not for loan Permanent Location Current Location Date acquired Serial Enumeration / chronology Barcode Date last seen Price effective from Koha item type
        Indian Institute of Public Administration Indian Institute of Public Administration 2018-07-19 Volume no: 13, Issue no: 1-2 AR5875 2018-07-19 2018-07-19 Articles

Powered by Koha